| Registos Bibliográficos associados ao registo de autoridade |
|
Etiqueta de registo: 00443cam 2200157 450 001 1272605 003 http://id.bnportugal.gov.pt/bib/catbnp/1272605 100 ## $a20020801d1630 m y0pory010305 ba 101 0# $apor 102 ## $aPT 105 ## $ay z 001yy 106 ## $ar 200 1# $aArte de orar$fcomposta pello P. Diogo Monteiro Provincial da Companhia de JESU em Portugal 210 #9 $a[Coimbra]$cem caza de Dº Gomes Lourº impressor da Un.de de Coimbra,$d1630 215 ## $a[18], 604, 85, [19] f., [1] f. grav.$cil.$d4º (21 cm) 305 ## $aNos f. [1]-[3], Aprovação e Licenças 305 ## $aNos f. [4]r.-[9]r., dedicatória a D. Joana de Castro, Condessa de Penaguião 305 ## $aNos f. [9]v.-[10]v., "Prologo ao Leytor" 305 ## $aNos f. [11]r.-[18]v., "Indice dos Capítulos" 305 ## $aExiste variante, com diferenças nas f. prelim.: impressão diferente da Dedicatória,
f. [4]r.-[11]r., sendo no total [20] f. prelim.; assin. diferentes, tarja à cabeça
da dedicatória diferente; título "Prologo ao Leytor" impresso com dimensões mais pequenas 307 ## $aPortada grav. em metal, tendo ao centro retrato de Santo Inácio de Loyola 307 ## $aAssin.: ¶//6, [¶¶]//8, ¶¶¶//4, A-Z//8; Aa-Zz//8, Aaa-Zzz//8, Aaaa-Ffff//8, Gggg//4,
A-K//8, L//6, M-N//8, O//2 316 ## $aVariante. - Frontispício espelhado. - Aparado$5PTBN: RES. 1006 P. 316 ## $aFaltam três primeiros fólios com Licenças; entre a primeira e segunda página do "Prologo
ao Leytor", [3] f. da variante. - F. perfuradas. - Enc. de perg., a soltar-se$5PTBN: RES. 1007 P. 316 ## $aF. soltas. - Enc. da época, de pele castanha,, lombada com filetes duplos grav. em
dourado$5PTBN: RES. 2598 P. 316 ## $aVariante. - Faltam f. prelim. com licenças e três primeiros f. da dedicatória; f.
soltas, perfuradas$5PTBN: RES. 3190 A. 316 ## $aFalta frontispício; f. perfuradas e reforçadas$5PTBN: RES. 3216 P. 316 ## $aVariante. - Frontispício solto, com colagens de cercadura de vinhetas; f. prelim.
soltas; f. perfuradas$5PTBN: R. 27334 P. 316 ## $aF. prelim. truncadas. - Enc. de perg., a soltar-se$5PTBN: VAR. 1314 317 ## $aPert. ms.: "Da Livraria do Real Convento do S.mo Coração de ... de Carm.as Descalças$5PTBN: RES. 1006 P. 317 ## $aPert.: "S. Thereza de Coimbra" (carimbo)$5PTBN: RES. 1007 P. 317 ## $aPert. ms.: "he de Phelipe Nery de Souza Salazar Anno de 1716", "De Antonia Maria dos
Anjos" (notas mss.), "Da Livraria de S. Franc.co de Xabregas" (carimbo)$5PTBN: RES. 2598 P. 317 ## $aPert. ms.: "Coimbra, Collº de Jesus"$5PTBN: RES. 3190 A. 317 ## $aPert.: "Collegio de Jesus Maria. Rua do Quelhas nº 6 A", "Arquivo das Congregações
Lisboa" (carimbos)$5PTBN: R. 27334 P. 317 ## $aPert.: "Varatojo" (carimbo e nota ms.)$5PTBN: VAR. 1314 321 1# $aBarbosa Machado 1, 681 321 1# $aInocêncio 2, 167 321 1# $aPinto de Matos 445 321 1# $aMonteverde 3632 321 1# $aAmeal 1566 321 1# $aArouca M 432 refere variante com [20] p. prelim. 321 1# $aIberian Books B21805 [49479] 517 1# $aArte de Orar 620 ## $dCoimbra 700 #1 $aMonteiro,$bDiogo,$f1562-1634,$cS.J.$3233920 702 #1 $aLoureiro,$bDiogo Gomes de,$ffl. 1600-1650$4610$376726 702 #1 $aSalazar,$bFilipe de Néri de Sousa,$ffl. 1716$4390$31471330 702 #1 $aAnjos,$bAntónia Maria dos,$f18--$4390$31471333 712 02 $aOrdem dos Frades Menores.$bMissionários Apostólicos.$bConvento de Santo António$c(Varatojo, Torres Vedras)$4390$353952 712 02 $aOrdem das Carmelitas Descalças.$bConvento do Santíssimo Coração de Jesus$c(Lisboa)$4390$31461391 712 02 $aOrdem das Carmelitas Descalças.$bMosteiro de Santa Teresa de Jesus$c(Coimbra)$4390$31350768 712 02 $aOrdem dos Frades Menores.$bConvento de São Francisco de Xabregas$c(Lisboa)$4390$3470918 712 02 $aColégio de Jesus Maria$c(Lisboa)$4390$31470888 712 02 $aArquivo das Congregações$c(Lisboa)$4390$357767 712 02 $aCompanhia de Jesus.$bColégio de Jesus$c(Coimbra)$4390$3470985 801 #0 $aPT$bBN$gRPC 801 #0 $aFR$bJOUVE$gRPC 856 40 $2Cópia digital disponível na Biblioteca Digital da Universidade de Coimbra$uhttps://almamater.sib.uc.pt/pt-pt/fundo_antigo/arte_de_orar 966 ## $lBN$mFGMON$sR. 27334 P.$x0 966 ## $lBN$mFGMON$sVAR. 1314 966 ## $lBN$mRESIMP$sRES. 1006 P. 966 ## $lBN$mRESIMP$sRES. 1007 P. 966 ## $lBN$mRESIMP$sRES. 2598 P. 966 ## $lBN$mRESIMP$sRES. 3190 P. 966 ## $lBN$mRESIMP$sRES. 3216 P.
Etiqueta de registo: 00956cam 2200277 450 001 505015 003 http://id.bnportugal.gov.pt/bib/catbnp/505015 005 20000824150700.0 095 ## $aPTBN00707919 100 ## $a19950324d1615 k y0pory0103 ba 101 0# $aspa 102 ## $aES 105 ## $ay z 000yy 106 ## $ar 200 1# $aVida, virtudes y milagros de la B. Virgen Teresa de Jesus, madre y fundadora de la
nueva Reformacion de la orde[n] de los Descalços y Descalças de N. Señora del Carmen$fpor F. Diego de Yepes, religioso de la orden de san Geronimo, Obispo de Taraçona... 210 #9 $aEn Madrid$cpor Luis Sanchez,$d1615 215 ## $a[32], 420, [18] f.$d4º (21 cm) 305 ## $aPor baixo do pé de imprensa: "Con Privilegio" 307 ## $aNa p. de tít., xilogr. com escudo dos Carmelitas encimado por coroa 307 ## $aAssin.: a-d//8, ¶//8, ¶¶//10, A-Z//8, Aa-Zz//8, Aaa-Fff//8, Ggg//4 316 ## $aF. soltas, perfuradas$5PTBN: R. 8223 V. 317 ## $aPert. mss.: "Do Convento de N. Sra. dos Remedios de Carmelitas Descalços de Evora"
e "Da Livraria do Rial Convento do S.mo Coração de J.s de Carmelitas Descalças"$5PTBN: RES. 1261 P. 317 ## $aPert. ms.: "dos Carmelitas descalços de Cascais"$5PTBN: R. 8223 V. 321 1# $aBN Paris CLXXVIII 868 321 1# $aNUC NY 0014900 321 1# $aPalau (2ª ed) 377826 321 1# $aCCPB000046377-9$uhttp://www.mcu.es/bibliotecas/MC/CCPB/index.html 321 1# $aIberian Books B10149 [64538] 620 ## $dMadrid 700 #1 $aYepes,$bDiego de,$f1530?-1613?,$cO.S.J.$3148877 702 #1 $aSánchez,$bLuis,$ffl. 1590-1627$4610$3399512 712 02 $aOrdem dos Carmelitas Descalços.$bConvento de Nossa Senhora dos Remédios$c(Évora)$4390$3473600 712 02 $aOrdem das Carmelitas Descalças.$bConvento do Santíssimo Coração de Jesus$c(Lisboa)$4390$31461391 712 02 $aOrdem dos Carmelitas Descalços.$bConvento de Nossa Senhora da Piedade$c(Cascais)$4390$31489986 801 #0 $aPT$bBN$gRPC 966 ## $lBN$mFGMON$sR. 8223 V.$x0 966 ## $lBN$mRESIMP$sRES. 1261 P. 997 ## $aBIBEOD
Etiqueta de registo: 01186cam 2200301 450 001 972320 003 http://id.bnportugal.gov.pt/bib/catbnp/972320 005 20021023134000.0 095 ## $aPTBN00980361 100 ## $a19950419d1758 km y0pory0103 ba 101 0# $apor 102 ## $aPT 106 ## $ar 200 1# $aExercicios espirituaes, e Meditaçoens da via purgativa$esobre a malicia do peccado, vaidade do mundo, miserias da vida humana, e quatro novissimos
do Homem. Com huma instrucção breve do modo pratico, com que os principiantes pódem
exercitar a oraçaõ mental...Divididas em duas partes$fescritas pelo padre Manoel Bernardes... 205 ## $aQuarta impressão 210 #9 $aLisboa$cna Officina de Miguel Rodrigues, Impressor do Senhor Cardeal Patriarca,$d1758 215 ## $a2 vol. ([8], 547, [1] p.) ([4], 671, [1] p.)$cil.$d4º (21 cm) 307 ## $aTexto a duas colns. 307 ## $aNo vol. 1 gravura representando o autor 317 ## $aPert. manuscrito na p. de tít.: "Coll. Cetobr."$5PTBN: RES. 1838-39 P. 317 ## $aPert. manuscrito na f. de guarda: «Da Livraria das Religiosas [...]litas Des.ças do
Real Convento do S.mo Coração de Jesus»$5PTBN: RES. 3036 P. 317 ## $aPert. na p. de tít.: «D. to Vizeu» (carimbo)$5PTBN: RES. 3037 P. 321 1# $aInocêncio 16, 134 517 1# $aExercicios espirituaes 620 ## $dLisboa 675 ## $a242$v2med$zpor$3290063 700 #1 $aBernardes,$bManuel,$f1644-1710,$cC.O.$313155 702 #1 $aRodrigues,$bMiguel,$ffl. 1726-1775$4610$363370 712 02 $aCompanhia de Jesus.$bColégio de São Francisco Xavier$c(Setúbal)$4390$3473769 712 02 $aOrdem das Carmelitas Descalças.$bConvento do Santíssimo Coração de Jesus$c(Lisboa)$4390$31461391 712 02 $aDepósito das Livrarias dos Extintos Conventos$c(Viseu)$4390$31296284 801 #0 $aPT$bBN$gRPC 966 ## $dV. 1$lBN$mFGMON$sR. 9946 V.$x0 966 ## $dV. 2$lBN$mFGMON$sR. 9947 V.$x0 966 ## $lBN$mFGMON$sR. 29598 P.$x0 966 ## $lBN$mFGMON$sR. 29599 P.$x0 966 ## $lBN$mFGMON$sR. 30890 P.$x0 966 ## $lBN$mFGMON$sR. 30891 P.$x0 966 ## $lBN$mRESIMP$sRES. 1838 P. 966 ## $lBN$mRESIMP$sRES. 1839 P. 966 ## $dParte 1$lBN$mRESIMP$sRES. 2361 P. 966 ## $dTomo 2$lBN$mRESIMP$sRES. 2362 P. 966 ## $dParte I$lBN$mRESIMP$sRES. 3036 P. 966 ## $dParte II$lBN$mRESIMP$sRES. 3037 P. 966 ## $dParte II$lBN$mRESIMP$sRES. 3038 P. 966 ## $dParte II$lBN$mRESIMP$sRES. 3039 P. 997 ## $aBIBEOD 998 ## $aJP124-906
Etiqueta de registo: 00254nbm 2200025 450 001 2047536 003 http://id.bnportugal.gov.pt/bib/catbnp/2047536 100 ## $a20200609g18551885k y0pory01030103ba 101 0# $apor 102 ## $aPT 105 ## $ay z 000yy 106 ## $ah 200 1# $aCatálogo dos Nomes dos Confrades de Nossa Senhora do Carmo$bManuscrito] 210 #1 $d1855-1885 215 ## $a[67] f., 1 f. solta$d21 cm 300 ## $aOriginal 304 ## $aTrata-se do registo dos nomes dos irmãos da Confraria de Nossa Senhora do Carmo 307 ## $aFoliação coeva até à f. 37 307 ## $aF. em branco: 14-[65], [67] 307 ## $aCódice mutilado: falta a f. 8 307 ## $aEncadernação em papel marmoreado, sobre pastas de cartão, lombada em pele com nervos;
corte verde 316 ## $aCota antiga: Y-3-104 317 ## $aMarca de posse manuscrita na folha de guarda: "Convento da Estrella", provavelmente
do Convento e Basílica do Santíssimo Coração de Jesus da Estrela, Lisboa 327 11 $aPedaço de folha com um registo de entrada na Confraria de Nossa Senhora do Carmo,
1877 (f. solta) 712 02 $aOrdem das Carmelitas Descalças.$bConvento do Santíssimo Coração de Jesus$c(Lisboa)$31461391 801 #0 $aPT$bBN$gRPC 966 ## $lBN$mRESMAN$sCOD. 7832 997 ## $aBIBEOD
Etiqueta de registo: 01306nbm 2200277 450 001 1913879 003 http://id.bnportugal.gov.pt/bib/catbnp/1913879 100 ## $a20151102f17011800k y0pory01030103ba 101 1# $apor$cesp 105 ## $ay z 000yy 106 ## $ah 200 1# $aSete meditações para os sete dias da semana, formadas na oração do Padre Nosso$fpor S.ta Thereza de Jezus$bManuscrito] 210 #1 $d[17--] 215 ## $a[14] f.$d21 cm 300 ## $aCópia 304 ## $aTrad. portuguesa de Siete meditaciones sobre el pater noster, acomodadas a los dias
de la semana 317 ## $aPert.: Conv. da Estrella 321 1# $aReferido em: J. Pinharanda Gomes - Bibliografia portuguesa de Santa Teresa de Jesus.
Revista da Biblioteca Nacional . Lisboa : BN. Vol. 3, 1-2 (1983), p. 258-259 700 #0 $aTeresa de Jesús,$cSanta,$f1515-1582,$cO.C.D.$352199 712 02 $aOrdem das Carmelitas Descalças.$bConvento do Santíssimo Coração de Jesus$c(Lisboa)$4390$31461391 801 #0 $aPT$bBN$gRPC 856 40 $uhttps://purl.pt/30862 856 41 $uhttps://purl.pt/30862/service/media/cover/low 856 49 $uhttps://purl.pt/30862/service/media/pdf$qapplication/pdf 958 ## $aBND$bLivre$cDigitalizado$d1$ehttps://purl.pt/30862/service/media/cover/max 966 ## $lBN$mRESMAN$nCota antiga: Y-3-118$sCOD. 7846
Etiqueta de registo: 00254nbm 2200025 450 001 2047610 003 http://id.bnportugal.gov.pt/bib/catbnp/2047610 100 ## $a20200612f18011850k y0pory01030103ba 101 0# $apor$alat 102 ## $aPT 105 ## $ay z 000yy 106 ## $ah 200 1# $aMatinas solemnes$eDo santissimo Sacramento com todas as suas partes essenciaes, e accidentais pertencentes
ao officio Divino conforme a Rito, e Rubricas da Igreja$bManuscrito] 210 #1 $d[1801-1850] 215 ## $a104 p.$c2 grav.$d22 cm 300 ## $aCópia 304 ## $aTexto em português e latim 304 ## $aTrata-se de orações para a hora canónica das matinas 307 ## $aPaginação coeva 307 ## $aGravura de Cristo crucificado sobre a legenda: "O Senhor Jezus Da Boa Nova. A Luz
Da Verdade" (f. de guarda anterior) 307 ## $aGravura de Nossa Senhora da Conceição (f. de guarda posterior) 307 ## $aEncadernação em papel pintado 316 ## $aCota antiga: Y-3-105 317 ## $aMarca de posse manuscrita na p. 104: "Conv[ento] da Estrella", provavelmente do Convento
e Basílica do Santíssimo Coração de Jesus da Estrela, Lisboa 712 02 $aOrdem das Carmelitas Descalças.$bConvento do Santíssimo Coração de Jesus$c(Lisboa)$4390$31461391 801 #0 $aPT$bBN$gRPC 966 ## $lBN$mRESMAN$sCOD. 7833 972 ## $e2$z0$d20260519$vanacris 997 ## $aBIBEOD
Etiqueta de registo: 00254nbm 2200025 450 001 2047614 003 http://id.bnportugal.gov.pt/bib/catbnp/2047614 100 ## $a20200612f18011850k y0pory01030103ba 101 0# $apor 102 ## $aPT 105 ## $ay z 000yy 106 ## $ah 200 1# $aBreve discurso sobre o modo de rezar com devoção o Officio Divino$eofferecido À Ill[ustríssi]ma e Exc[elentíssi]ma S[e]n[ho]ra M[adre] Thereza de Jezus
Priora do Real Convento do Sanctissimo Coração de Jezus$fPor...$bManuscrito] 210 #1 $d[1801-1850] 215 ## $a[13] f.$d22 cm 300 ## $aCópia 304 ## $aTrata-se de um breve tratado sobre a oração, nomeadamente, sobre os "differentes modos
de orar", a "razão porq[ue] se deve orar por palavras" e a "razão porque as Religiozas
devem rezar o Officio Divino" 304 ## $aO texto é dedicado provavelmente à primeira prioresa do Convento do Santíssimo Coração
de Jesus da Estrela, em Lisboa, Madre Teresa de São José do Coração de Jesus, dama
do paço, filha de Fernão Teles da Silva, monteiro-mor do reino, e de D. Maria de
Melo 307 ## $aEncadernação em papel gravado 316 ## $aCota antiga: Y-3-106 317 ## $aMarca de posse manuscrita na folha de título: "Conv[ento] da Estrella", provavelmente
do Convento e Basílica do Santíssimo Coração de Jesus da Estrela, Lisboa 321 ## $aCfr.: Saldanha, Sandra Costa - A Basílica da Estrela : Real Fábrica do Santíssimo
Coração de Jesus. Lisboa : Livros Horizonte, 2008 712 02 $aOrdem das Carmelitas Descalças.$bConvento do Santíssimo Coração de Jesus$c(Lisboa)$4390$31461391 801 #0 $aPT$bBN$gRPC 966 ## $lBN$mRESMAN$sCOD. 7834 997 ## $aBIBEOD
Etiqueta de registo: 00254nam 2200025 450 001 1990160 003 http://id.bnportugal.gov.pt/bib/catbnp/1990160 100 ## $a20180514d1778 m y0pory01030103ba 101 0# $apor 102 ## $aPT 105 ## $aa z 000yy 106 ## $ar 200 1# $aDevoções particulares à senhora S.ta Barbara...$fseu author Fr. José de Santa Rosa... 210 #9 $aLisboa$cna Regia Officina Typografica,$d1778 215 ## $a[18], 480 p.$cil.$d12º (14 cm) 307 ## $aTexto impresso dentro de moldura retangular de duplo filete 316 ## $aPert. manuscritos nas f. de guarda anteriores: "Da Livraria do Rial Conv. do S.mo
C. de Js." ; Da Capela de N. Senhora da Vilora [?]"$5PTBN: R. 19448 P. 321 ## $aInocêncio 5, 118 (refere apenas ed. de 1791) 500 10 $aDevoções particulares à senhora Santa Bárbara 620 ## $dLisboa 700 #1 $aSanta Rosa,$bJosé de,$ffl. 17--,$cO.F.M.$3144445 712 02 $aTipografia Régia$c(Lisboa)$4610$360351 712 02 $aOrdem das Carmelitas Descalças.$bConvento do Santíssimo Coração de Jesus$c(Lisboa)$4390$31461391 801 #0 $aPT$bBN$gRPC 966 ## $lBN$mFGMON$sR. 19448 P. 966 ## $lBN$mRESIMP$sRES. 6789 P.$x3 997 ## $aBIBEOD
Etiqueta de registo: 00254nbm 2200025 450 001 2047471 003 http://id.bnportugal.gov.pt/bib/catbnp/2047471 100 ## $a20200609f17011800k y0pory01030103ba 101 0# $apor 102 ## $aPT 105 ## $ay z 000yy 106 ## $ah 200 1# $aAnno affectivo ou Sentimento sobre o Amor de Deos Tirados do Cantico dos Canticos$bManuscrito] 210 #1 $d[1701-1800] 215 ## $a10, [150] p., 1 f. solta$d22 cm 300 ## $aCópia 304 ## $aTrata-se de um "jornal affectivo para o coração", com base nos "mais bellos pençamentos
do Cântico dos Cânticos, em seguir os differentes graus do divino amor, segundo os
tres differentes estados da vida espiritual, o da vida Purgativa, da Illuminativa
e da Unitiva" (p. 10), organizado em 52 semanas, das quais constam as primeiras 17
semanas 304 ## $aTrata-se da tradução de uma obra escrita em francês por Jean Baptiste Élie Avrillon,
publicada em Paris em 1707, traduzida para castelhano por José Maria Diaz Jimenez
e publicada em Barcelona em 1839 305 ## $aPubl. original: Avrillon, Jean-Baptiste-Élie - L'année affective ou sentiments sur
l'amour de Dieu, tirés du cantique des cantiques. A Paris: chez Jean-Baptiste Cusson,
quay des Augustins, au Nom de Jesus, entre la ruë Gist-le-Coeur & la ruë Pavée. M.
DCCVII 307 ## $aEmendas escritas em tiras de papel e coladas sobre o texto base 307 ## $aEncadernação em papel decorado, em mau estado 316 ## $aCota antiga: Y-3-103 317 ## $aMarca de posse manuscrita na folha de guarda: "Convento da Estrella", provavelmente
do Convento e Basílica do Santíssimo Coração de Jesus da Estrela, Lisboa 327 1# $a"Prefacio" (p. 1-10)$aTem junto: Pagela de Santo Alberto do Convento dos Carmelitas Calçados de Lisboa (f.
solta) 518 1# $aAno afetivo ou sentimento sobre o amor de Deus tirados do Cântico dos Cânticos 700 #1 $aAvrillon,$bJean-Baptiste-Élie,$f1652-1729$3983600 712 02 $aOrdem das Carmelitas Descalças.$bConvento do Santíssimo Coração de Jesus$c(Lisboa)$4390$31461391 801 #0 $aPT$bBN$gRPC 966 ## $lBN$mRESMAN$sCOD. 7831 997 ## $aBIBEOD
Etiqueta de registo: 00660nam 2200181 450 001 2169722 003 http://id.bnportugal.gov.pt/bib/catbnp/2169722 100 ## $a20240618d1799 m y0pory01030103ba 101 0# $apor 102 ## $aPT 105 ## $ag z 000yy 106 ## $ar 200 1# $aNovenas em obsequio do Santissimo Coração de Jesus, ordenadas por huns devotos seus,
e mandadas imprimir pelas Religiosas Carmelitas Descalças do Real Mosteiro do mesmo
Santissimo Coração 205 ## $aNova edição desta primeira, que foi impressa no anno de 1778 210 #9 $aLisboa$cna Regia Officina Typografica,$d1799 215 ## $a120 p.$cnot. mus.$d8º (15 cm) 305 ## $aSob pé de imprensa: "Com licença da Meza do Desembargo do Paço" 307 ## $aNotação quadrada sobre tetragrama a negro 307 ## $aAssin.: A-G//8, H//4 317 ## $aPert.: ms. "Pertence á cella do ferolho e grades", "João da Cruz..." ; Coleção Cremilde
e Gerhard Doderer$5PTBN: DOD.R. 52 518 1# $aNovenas em obsequio do Santíssimo Coração de Jesus, ordenadas por uns devotos seus,... 620 ## $dLisboa 712 02 $aOrdem das Carmelitas Descalças.$bConvento do Santíssimo Coração de Jesus$c(Lisboa)$4650$31461391 712 02 $aTipografia Régia$c(Lisboa)$4610$360351 801 #0 $aPT$bBN 966 ## $lBN$mMUSICA$sDOD.R. 52$x3 971 ## $cjamaral$d20240618 972 ## $e0$z0$d20240722$vigoncalves 997 ## $aBIBEOD
Etiqueta de registo: 00269ndm 2200145 450 001 2170078 003 http://id.bnportugal.gov.pt/bib/catbnp/2170078 100 ## $a20240620f18001850k y0pory01030103ba 101 0# $alat 102 ## $aPT 106 ## $ah 200 1# $aLadainha de N. Senhora$bMúsica manuscrita] 210 #1 $d[Entre 1800 e 1850] 215 ## $a1 parte$d29 x 22 cm 307 ## $aIncompleta, apenas a parte do baixo 317 ## $aConvento da Estrela 500 11 $aLadainhas,$rVV, org?,$uFá maior 532 12 $aLadainha de Nossa Senhora 606 ## $aMúsica sacra$zSéc. 19$j[Música manuscrita]$2SIPOR$31056540 675 ## $a78.089.6$vBN$zpor$3536969 675 ## $a783"18"$vBN$zpor$31533676 712 02 $aOrdem das Carmelitas Descalças.$bConvento do Santíssimo Coração de Jesus$c(Lisboa)$4390$31461391 801 #0 $aPT$bBN$gRPC 966 ## $lBN$mMUSICA$sM.M. 2868 971 ## $cssequeira$d20240620
Etiqueta de registo: 01166ndm 2200301 001 2174693 003 http://id.bnportugal.gov.pt/bib/catbnp/2174693 100 ## $a20240802d1834 k y0pory01030103ba 101 0# $apor 102 ## $aPT 106 ## $ah 200 1# $aNovena de N. Sr.ª do Carmo$bMúsica manuscrita]$fCompozição de Ignacio Jose de Mag.es e Porto$gP.ª a Ill.ma e Ex.ma Snr.ª Condessa de Murça 210 #1 $d1834 215 ## $a2 partes$d21 x 30 cm 306 ## $aJulho de 1834 307 ## $aincompleta 317 ## $aContém indicação: "Convento da Estrela" 500 11 $aNovenas,$r3V,$uFá maior 675 ## $a78.089.6$vBN$zpor$3536969 712 02 $aOrdem das Carmelitas Descalças.$bConvento do Santíssimo Coração de Jesus$c(Lisboa)$4390$31461391 801 #0 $aPT$bBN$gRPC 856 40 $uhttps://purl.pt/52477 856 41 $uhttps://purl.pt/52477/service/media/cover/low 856 49 $uhttps://purl.pt/52477/service/media/pdf$qapplication/pdf 958 ## $aBND$bLivre$cDigitalizado$d1$ehttps://purl.pt/52477/service/media/cover/max 966 ## $lBN$mMUSICA$sM.M. 140//7 971 ## $cCatmusica7$d20240802 972 ## $e0$z0$d20240813$vigoncalves
Etiqueta de registo: 01164ndm 2200289 001 2174815 003 http://id.bnportugal.gov.pt/bib/catbnp/2174815 100 ## $a20240803d1834 k y0pory01030103ba 101 0# $alat 102 ## $aPT 106 ## $ah 200 1# $aNovena de N. Snr.ª do Carmo$bMúsica manuscrita]$eSuprano a 3$fP.ª a Ill.ma e Ex.ma Snr.ª Condesa de Murça$gCompoziçaõ de Ignacio Jozé de Mag.es e Porto 210 #9 $dEm Julho de 1834 215 ## $a1 partitura$d30 x 21 cm 317 ## $aConvento da Estrella 500 11 $aNovenas,$rV 675 ## $a78.089.6$vBN$zpor$3536969 700 #1 $aPorto,$bInácio José de Magalhães e,$ffl. 1834$31925038 712 02 $aOrdem das Carmelitas Descalças.$bConvento do Santíssimo Coração de Jesus$c(Lisboa)$4390$31461391 801 #0 $aPT$bBN$gRPC 856 40 $uhttps://purl.pt/52629 856 41 $uhttps://purl.pt/52629/service/media/cover/low 856 49 $uhttps://purl.pt/52629/service/media/pdf$qapplication/pdf 958 ## $aBND$bLivre$cDigitalizado$d1$ehttps://purl.pt/52629/service/media/cover/max 966 ## $lBN$mMUSICA$sM.M. 3137 971 ## $cCatmusica8$d20240803 972 ## $e0$z0$d20240819$vigoncalves
Etiqueta de registo: 00983ndm 2200277 001 2174739 003 http://id.bnportugal.gov.pt/bib/catbnp/2174739 100 ## $a20240803f17901850k y0pory01030103ba 101 0# $apor$alat 102 ## $aPT 106 ## $ah 200 1# $aTrezena de Sto Antonio$bMúsica manuscrita] 210 #1 $d[Entre 1790 e 1850] 215 ## $a1 parte$d31 x 23 cm 317 ## $aConvento da Estrella 500 11 $aTrezenas,$rorg,$sRé maior 518 1# $aTrezena de Santo António 675 ## $a78.089.6$vBN$zpor$3536969 712 02 $aOrdem das Carmelitas Descalças.$bConvento do Santíssimo Coração de Jesus$c(Lisboa)$4390$31461391 801 #0 $aPT$bBN$gRPC 856 40 $uhttps://purl.pt/52529 856 41 $uhttps://purl.pt/52529/service/media/cover/low 856 49 $uhttps://purl.pt/52529/service/media/pdf$qapplication/pdf 958 ## $aBND$bLivre$cDigitalizado$d1$ehttps://purl.pt/52529/service/media/cover/max 966 ## $lBN$mMUSICA$sM.M. 3251 971 ## $cCatmusica3$d20240803
Etiqueta de registo: 00916ndm 2200253 001 2175832 003 http://id.bnportugal.gov.pt/bib/catbnp/2175832 100 ## $a20240807f17751825k y0pory01030103ba 101 0# $alat 106 ## $ah 200 1# $aLadainha$bMúsica manuscrita] 210 #1 $d[Entre 1775 e 1825] 215 ## $a1 partitura (4 p.)$d23 x 30 cm 317 ## $aConvento da Estrela 500 11 $aLadainhas,$rV, bc,$uFá maior 675 ## $a78.089.6$vBN$zpor$3536969 712 02 $aOrdem das Carmelitas Descalças.$bConvento do Santíssimo Coração de Jesus$c(Lisboa)$4390$31461391 801 #0 $aPT$bBN$gRPC 856 40 $uhttps://purl.pt/53404 856 41 $uhttps://purl.pt/53404/service/media/cover/low 856 49 $uhttps://purl.pt/53404/service/media/pdf$qapplication/pdf 958 ## $aBND$bLivre$cDigitalizado$d1$ehttps://purl.pt/53404/service/media/cover/max 966 ## $lBN$mMUSICA$sM.M. 3885 971 ## $cCatmusica5$d20240807
Etiqueta de registo: 00000ndm 2200025 001 2176237 003 http://id.bnportugal.gov.pt/bib/catbnp/2176237 100 ## $a20240808f17901860k y0pory01030103ba 101 0# $alat 102 ## $aPT 106 ## $ah 200 1# $aSalve Regina$bMúsica manuscrita] 210 #1 $d[Entre 1790 e 1860] 215 ## $a2 partes$d23 x 31 cm 307 ## $aApenas uma parte para um baixo vocal 317 ## $aConvento da Estrella 330 ## $aInclui ainda, na p. 2, o baixo cifrado de outro "Salve Regina" 500 11 $aCânticos,$rB,$uSol maior 675 ## $a78.089.6$vBN$zpor$3536969 712 02 $aOrdem das Carmelitas Descalças.$bConvento do Santíssimo Coração de Jesus$c(Lisboa)$4390$31461391 801 #0 $aPT$bBN$gRPC 966 ## $lBN$mMUSICA$sM.M. 4148 971 ## $cCatmusica3$d20240808
Etiqueta de registo: 00000ndm 2200025 001 2176707 003 http://id.bnportugal.gov.pt/bib/catbnp/2176707 100 ## $a20240810f17501810k y0pory01030103ba 101 0# $apor$alat 102 ## $aPT 106 ## $ah 200 1# $a [5 Novenas]$bMúsica manuscrita]$eP.ª a novena de N. M.e S.ta Therezia 210 #1 $d[Entre 1750 e 1810] 215 ## $a1 partitura (12 p.)$d24 x 32 cm 310 ## $aAproveitamento da página de rosto de um livro com o título estampilhado "Missa de
5.º Tom", para a encadernação 317 ## $a"Convento da Estrela", na p. 12 330 ## $aContém também Novenas de Nossa Senhora do Carmo, S. José, e do Sagrado Coração de
Jesus 500 11 $aCânticos,$rVV, bc 675 ## $a78.089.6$vBN$zpor$3536969 712 02 $aOrdem das Carmelitas Descalças.$bConvento do Santíssimo Coração de Jesus$c(Lisboa)$31461391 801 #0 $aPT$bBN$gRPC 966 ## $lBN$mMUSICA$sM.M. 4764 971 ## $cccota$d20240810
Etiqueta de registo: 00000ndm 2200025 001 2176812 003 http://id.bnportugal.gov.pt/bib/catbnp/2176812 100 ## $a20240810d1791 k y0pory01030103ba 101 0# $apor 102 ## $aPT 106 ## $ah 200 1# $aTocata$bMúsica manuscrita] 210 #1 $dMdCCXCI [i.e. 1791] 215 ## $a1 partitura (8 p.)$d23 x 31 cm 306 ## $aData no fim da 1ª tocata (p. 2) 317 ## $a"Convento da Estrella" (final da p. 4), indicando uma provável proveniência 500 11 $aTocatas,$rtecla,$uDó maior 675 ## $a78.089.6$vBN$zpor$3536969 712 02 $aOrdem das Carmelitas Descalças.$bConvento do Santíssimo Coração de Jesus$c(Lisboa)$4390$31461391 801 #0 $aPT$bBN$gRPC 966 ## $lBN$mMUSICA$sM.M. 3737 971 ## $cCatmusica5$d20240810
Etiqueta de registo: 00000ndm 2200025 001 2177202 003 http://id.bnportugal.gov.pt/bib/catbnp/2177202 100 ## $a20240812f17601810k y0pory01030103ba 101 0# $alat 102 ## $aPT 106 ## $ah 200 1# $aMissa 1ª de 1.ª Classe$bMúsica manuscrita] 210 #1 $d[Entre 1760 e 1810] 215 ## $a1 parte$d23 x 32 cm 307 ## $aIncompleta, apenas a parte para o baixo cifrado 317 ## $a"Convento da Estrella", na p. 43 330 ## $aContém ainda: Missa 2 de pr.ª classe, Missa in duplex maioribus, Missa de Nossa Senhora,
Missa dos Martyres, Missa dos Confessores Pontifici, Missa dos Confessores não Pontifices,
Missa das Virgens, Missa das Domingas, Missa dos Semiduples 500 11 $aMissas,$rVV, bc, $uSi ¬ maior 675 ## $a78.089.6$vBN$zpor$3536969 712 02 $aOrdem das Carmelitas Descalças.$bConvento do Santíssimo Coração de Jesus$c(Lisboa)$4390$31461391 801 #0 $aPT$bBN$gRPC 966 ## $lBN$mMUSICA$sM.M. 5506 971 ## $cccota$d20240812
Etiqueta de registo: 00000ndm 2200025 001 2176889 003 http://id.bnportugal.gov.pt/bib/catbnp/2176889 100 ## $a20240812f18001850k y0pory01030103ba 101 0# $apor 102 ## $aPT 106 ## $ah 200 1# $aNovena de N. Senhora do Monte do Carmo$bMúsica manuscrita] 210 #1 $a[Entre 1800 e 1850] 215 ## $a1 parte$d22 x 30 cm 307 ## $aIncompleta, apenas a parte para o baixo contínuo 317 ## $a"Convento da Estrella" 500 11 $aNovenas,$rVV, bc,$uDó maior 675 ## $a78.089.6$vBN$zpor$3536969 712 02 $aOrdem das Carmelitas Descalças.$bConvento do Santíssimo Coração de Jesus$c(Lisboa)$4390$31461391 801 #0 $aPT$bBN$gRPC 966 ## $lBN$mMUSICA$sM.M. 4785 971 ## $cCatmusica3$d20240812
Etiqueta de registo: 00000ndm 2200025 001 2190582 003 http://id.bnportugal.gov.pt/bib/catbnp/2190582 100 ## $a20241011f18001850k y0pory01030103ba 101 0# $alat 102 ## $aPT 106 ## $ah 200 1# $aSalve Regina$bMúsica manuscrita] 210 #1 $d[Entre 1800 e 1850] 215 ## $a1 partitura (4 p.)$d22 x 29 cm 317 ## $a"Convento da Estrella" 330 ## $aInclui ainda, na p. 2, "Te Deum" e, na p. 4, o "Hymnum do Espirito Sancto Vesperas" 500 11 $aCânticos,$rV, bc 675 ## $a78.089.6$vBN$zpor$3536969 712 02 $aOrdem das Carmelitas Descalças.$bConvento do Santíssimo Coração de Jesus$c(Lisboa)$4390$31461391 801 #0 $aPT$bBN$gRPC 966 ## $lBN$mMUSICA$sM.M. 6339 971 ## $cCatmusica1$d20241011
Etiqueta de registo: 00000ndm 2200025 001 2191664 003 http://id.bnportugal.gov.pt/bib/catbnp/2191664 100 ## $a20241017f17901840k y0pory01030103ba 101 0# $apor 102 ## $aPT 106 ## $ah 200 1# $a [ Excerto de manual de teoria musical]$bMúsica manuscrita] 210 #1 $d[Entre 1790 e 1840] 215 ## $a2 p.$d20 x 24 cm 317 ## $aIPPC, Departamento de Musicologia 317 ## $aConvento de Nossa Senhora da Conceição da Luz em Arroios (carimbo: Luz Arroyos) 500 11 $aManuais 675 ## $a78.089.6$vBN$zpor$3536969 712 01 $aPortugal.$bInstituto Português do Património Cultural.$bDepartamento de Musicologia$4390$3285717 712 02 $aOrdem das Carmelitas Descalças.$bConvento do Santíssimo Coração de Jesus$c(Lisboa)$4390$31461391 801 #0 $aPT$bBN$gRPC 966 ## $lBN$mMUSICA$sM.M. 6553 971 ## $cCatmusica5$d20241017
Etiqueta de registo: 00000nbm 2200025 450 001 2197516 003 http://id.bnportugal.gov.pt/bib/catbnp/2197516 100 ## $a20241125f18011850k y0pory01030103ba 101 0# $apor 102 ## $aPT 105 ## $ay z 000yy 106 ## $ah 200 1# $a [ Novena a Nossa Senhora da Encarnação]$bManuscrito] 210 #1 $d1801-1850 215 ## $a[18] f., enc.$d16 cm 300 ## $aCópia (?) 307 ## $aManchas de humidade e da tinta ferrogálica 307 ## $aEncadernação em papel marmoreado 316 ## $aCota antiga: Y-3-116 317 ## $aMarca de posse: "Convento da Estrella" 712 02 $aOrdem das Carmelitas Descalças.$bConvento do Santíssimo Coração de Jesus$c(Lisboa)$4060$31461391 801 #0 $aPT$bBN$gRPC 966 ## $lBN$mRESMAN$sCOD. 7844 971 ## $d2024PRRMSS 995 ## $aPRR2024
Etiqueta de registo: 00000nbm 2200025 450 001 2197513 003 http://id.bnportugal.gov.pt/bib/catbnp/2197513 100 ## $a20241125f18011850k y0pory01030103ba 101 0# $apor 102 ## $aPT 105 ## $ay z 000yy 106 ## $ah 200 1# $aObzequio a S[an]to Izoperio(?), q[ue] pode servir de Novena$fFeito pella M[adr]e Gertrudes Roza$bManuscrito] 210 #1 $d1801-1850 215 ## $a[6] f., enc.$d15 cm 300 ## $aCópia (?) 307 ## $aManchas de humidade 307 ## $aEncadernação em papel marmoreado 316 ## $aCota antiga: Y-3-115 317 ## $aMarca de posse: "Conv[en]to da Estrella" 518 1# $aObséquio de Santo Izopério, que pode servir... 712 02 $aOrdem das Carmelitas Descalças.$bConvento do Santíssimo Coração de Jesus$c(Lisboa)$4060$31461391 801 #0 $aPT$bBN$gRPC 966 ## $lBN$mRESMAN$sCOD. 7843 971 ## $d2024PRRMSS 995 ## $aPRR2024
Etiqueta de registo: 00000nbm 2200025 450 001 2197510 003 http://id.bnportugal.gov.pt/bib/catbnp/2197510 100 ## $a20241125f18011850k y0pory01030103ba 101 0# $apor 102 ## $aPT 105 ## $ay z 000yy 106 ## $ah 200 1# $a [ Louvor às doze estrelas da coroa de Nossa Senhora]$bManuscrito] 210 #1 $aLisboa,$d1801-1850 215 ## $a38 p., enc.$d15 cm 300 ## $aCópia (?) 307 ## $aTexto escrito a preto com títulos a tinta vermelha 307 ## $aManchas de humidade 307 ## $aEncadernação em papel com desenho do símbolo da Companhia de Jesus na capa 316 ## $aCota antiga: Y-3-114 317 ## $aMarca de posse: "Convento da Estrella" 712 02 $aOrdem das Carmelitas Descalças.$bConvento do Santíssimo Coração de Jesus$c(Lisboa)$4060$31461391 801 #0 $aPT$bBN$gRPC 966 ## $lBN$mRESMAN$sCOD. 7842 971 ## $d2024PRRMSS 995 ## $aPRR2024
Etiqueta de registo: 00000nbm 2200025 450 001 2197509 003 http://id.bnportugal.gov.pt/bib/catbnp/2197509 100 ## $a20241125f18011850k y0pory01030103ba 101 0# $apor 102 ## $aPT 105 ## $ay z 000yy 106 ## $ah 200 1# $aOraçoens pela manhaa depois da Ladainha$bManuscrito] 210 #1 $aLisboa,$d1801-1850 215 ## $a[10] f., enc.$d15 cm 300 ## $aCópia (?) 307 ## $aTexto escrito a preto com títulos a tinta vermelha 307 ## $aManchas de humidade 307 ## $aEncadernação em pastas de cartão revestidas de papel 316 ## $aCota antiga: Y-3-113 317 ## $aMarca de posse: "Conv[en]to da Estrella" 518 1# $aOrações pela manhã depois da ladainha 712 02 $aOrdem das Carmelitas Descalças.$bConvento do Santíssimo Coração de Jesus$c(Lisboa)$4060$31461391 801 #0 $aPT$bBN$gRPC 966 ## $lBN$mRESMAN$sCOD. 7841 971 ## $d2024PRRMSS 995 ## $aPRR2024
Etiqueta de registo: 00000nbm 2200025 450 001 2197504 003 http://id.bnportugal.gov.pt/bib/catbnp/2197504 100 ## $a20241125f1828 k y0pory01030103ba 101 0# $apor 102 ## $aPT 105 ## $ay z 000yy 106 ## $ah 200 1# $aCoroa do Senhor, sua origem, significação, e Indulgencias concedidas por varios Summos
Pontifices, confirmadas e accrescentadas pelo Papa Benedicto XIII. com diversos methodos
p[ar]a se rezar mais fructuosamente$bManuscrito] 210 #1 $d[Depois de 1828] 215 ## $a43 p., [9] f., enc.$d15 cm 300 ## $aCópia de impresso datado de "Lisboa, Na Tipografia de Bulhões, Anno de 1828" 304 ## $a"Traduzida do italiano em portuguez por hum Devoto" 307 ## $aManchas de humidade 307 ## $aEncadernação em papel branco com atilhos 316 ## $aCota antiga: Y-3-112 317 ## $aMarca de posse: "Convento da Estrella" 518 1# $aCoroa do Senhor, sua origem, significação e indulgências concedidas... 712 02 $aOrdem das Carmelitas Descalças.$bConvento do Santíssimo Coração de Jesus$c(Lisboa)$4060$31461391 801 #0 $aPT$bBN$gRPC 966 ## $lBN$mRESMAN$sCOD. 7840 971 ## $d2024PRRMSS 972 ## $e1$z0$d20260519$vanacris 995 ## $aPRR2024
Etiqueta de registo: 00000nbm 2200025 450 001 2197499 003 http://id.bnportugal.gov.pt/bib/catbnp/2197499 100 ## $a20241125f17511800k y0pory01030103ba 101 0# $apor 102 ## $aPT 105 ## $ay z 000yy 106 ## $ah 200 1# $a [ Compilação de orações a Nossa Senhora e ao Espírito Santo]$bManuscrito] 210 #1 $d1751-1800 215 ## $a45 f., enc.$d15 cm 300 ## $aCópia 307 ## $aManchas de humidade e de tinta ferrogálica 307 ## $aEncadernação em papel marmoreado 316 ## $aCota antiga: Y-3-111 317 ## $aMarca de posse: "Convento da Estrella" 712 02 $aOrdem das Carmelitas Descalças.$bConvento do Santíssimo Coração de Jesus$c(Lisboa)$4060$31461391 801 #0 $aPT$bBN$gRPC 966 ## $lBN$mRESMAN$sCOD. 7839 971 ## $d2024PRRMSS 995 ## $aPRR2024
Etiqueta de registo: 00000nbm 2200025 450 001 2197497 003 http://id.bnportugal.gov.pt/bib/catbnp/2197497 100 ## $a20241125f18491850k y0pory01030103ba 101 0# $apor 102 ## $aPT 105 ## $ay z 000yy 106 ## $ah 200 1# $aMaximas recompiladas das obras de S. Francisco de Assis e distribuidas por todo os
dias do anno$bManuscrito] 210 #1 $aLisboa,$d1849-1850 215 ## $a106 p., enc.$d16 cm 300 ## $aCópia 304 ## $a"Impresas na Lingua Italiana em Turim, em Napoles, e ultimamente em Roma; traduzidas
segundo esta ultima Edição de 1781" 307 ## $aCom recortes de impressos integrados no códice; primeira conjunto de orações enquadradado
por dupla moldura preta desenhada à pena; texto escrito com tinta preta e vermelha;
f. soltas com acrescentos 307 ## $aEncadernação em pastas de cartão revestidas de papel marmoreado; lombada em couro
azul escuro com decorações vegetalistas em fio de ouro 316 ## $aCota antiga: Y-3-110 317 ## $aMarca de posse: "Conv[ento] da Estrella" 317 ## $aMarca de posse: "Este livro foi escrito e dado a Emilia Carolina Jesus no 1º de Janeiro
1850 pela sua querida Amiga e Irmaã em J.C. Maria Amalia Xavier"; "Da Amiga à sua
Amiga" 518 1# $aMáximas recompiladas das obras de S. Francisco de Assis e distribuídas por todos os
dias do ano 712 02 $aOrdem das Carmelitas Descalças.$bConvento do Santíssimo Coração de Jesus$c(Lisboa)$4060$31461391 801 #0 $aPT$bBN$gRPC 966 ## $lBN$mRESMAN$sCOD. 7838 971 ## $d2024PRRMSS 972 ## $e0$z0$d20260519$vanacris 995 ## $aPRR2024
Etiqueta de registo: 00000nbm 2200025 450 001 2197495 003 http://id.bnportugal.gov.pt/bib/catbnp/2197495 100 ## $a20241125f17511800k y0pory01030103ba 101 0# $apor 102 ## $aPT 105 ## $ay z 000yy 106 ## $ah 200 1# $a [ Compêndio de orações]$bManuscrito] 210 #1 $d1751-1800 215 ## $a[47] f., enc.$d18 cm 300 ## $aOriginal (?) 307 ## $aCom recortes de impressos integrados no códice; primeira conjunto de orações enquadradado
por dupla moldura preta desenhada à pena; texto escrito com tinta preta e vermelha;
f. soltas com acrescentos 307 ## $aEncadernação em pastas de cartão revestidas de couro marmoreado; lombada com decorações
vegetalistas em fio de ouro 316 ## $aCota antiga: Y-3-109 317 ## $aMarca de posse: "Conv[ento] da Estrella" 712 02 $aOrdem das Carmelitas Descalças.$bConvento do Santíssimo Coração de Jesus$c(Lisboa)$4060$31461391 801 #0 $aPT$bBN$gRPC 966 ## $lBN$mRESMAN$sCOD. 7837 971 ## $d2024PRRMSS 995 ## $aPRR2024
Etiqueta de registo: 00000nbm 2200025 450 001 2197488 003 http://id.bnportugal.gov.pt/bib/catbnp/2197488 100 ## $a20241125f17511800k y0pory01030103ba 101 0# $apor 102 ## $aPT 105 ## $ay z 000yy 106 ## $ah 200 1# $a [ Ladainha a Nossa Senhora com especial virtude contra a peste e tempestades]$bManuscrito] 210 #1 $d1751-1800 215 ## $a[6] f., enc.$d20 cm 300 ## $aCópia (?) 307 ## $aEncadernação em papel marmoreado 316 ## $aCota antiga: Y-3-108 317 ## $aMarca de posse: "Conv[ento] da Estrella" 712 02 $aOrdem das Carmelitas Descalças.$bConvento do Santíssimo Coração de Jesus$c(Lisboa)$4060$31461391 801 #0 $aPT$bBN$gRPC 966 ## $lBN$mRESMAN$sCOD. 7836 971 ## $d2024PRRMSS 995 ## $aPRR2024
Etiqueta de registo: 00000nbm 2200025 450 001 2197484 003 http://id.bnportugal.gov.pt/bib/catbnp/2197484 100 ## $a20241125f17511800k y0pory01030103ba 101 0# $apor 102 ## $aPT 105 ## $ay z 000yy 106 ## $ah 200 1# $a [ Compêndio de oração para celebrações religiosas]$bManuscrito] 210 #1 $d1751-1800 215 ## $a[16] f., enc.$d20 cm 300 ## $aCópia (?) 307 ## $aManchas de humidade; marcas da acção dos insectos 307 ## $aEncadernação em papel marmoreado 316 ## $aCota antiga: Y-3-107 317 ## $aMarca de posse: "Da livraria do Real Conv[en]to de Carm[elit]as Des[cal]cas do S[antíssimo]
C[onvento] de J[esu]s" 317 ## $aMarca de posse: "Conv[ento] da Estrella" 712 02 $aOrdem das Carmelitas Descalças.$bConvento do Santíssimo Coração de Jesus$c(Lisboa)$4060$31461391 801 #0 $aPT$bBN$gRPC 966 ## $lBN$mRESMAN$sCOD. 7835 971 ## $d2024PRRMSS 995 ## $aPRR2024
Etiqueta de registo: 00000nbm 2200025 450 001 2197476 003 http://id.bnportugal.gov.pt/bib/catbnp/2197476 100 ## $a20241125d1785 k y0pory01030103ba 101 0# $apor 102 ## $aPT 105 ## $ay z 000yy 106 ## $ah 200 1# $aConstituições primitivas das religiozas carmelitas descalças, traduzidas em Portugal
para a Congregação de Portugal. Addiccionadas com as declarações e actas que pelo
curso do tempo se lhe ajuntarão para sua maior clareza, e observancia$bManuscrito] 210 #9 $dAnno de 1785 215 ## $a134 f., enc.$d21 cm 300 ## $aCópia (?) 307 ## $aTexto enquadrado por moldura em algumas das partes; contém f. soltas 307 ## $aManchas de humidade; marcas da acção dos insectos 307 ## $aEncadernação, intervencionada, em papel marmoreado 316 ## $aCota antiga: Y-3-102 317 ## $aMarca de posse: "Da livraria do Real Conv[en]to de Carm[elit]as Des[cal]cas do S[antíssimo]
C[onvento] de J[esu]s" 317 ## $aMarca de posse: "Conv[ento] da Estrella" 712 02 $aOrdem das Carmelitas Descalças.$bConvento do Santíssimo Coração de Jesus$c(Lisboa)$4060$31461391 801 #0 $aPT$bBN$gRPC 966 ## $lBN$mRESMAN$sCOD. 7830 971 ## $d2024PRRMSS
Etiqueta de registo: 00000nbm 2200025 450 001 2197821 003 http://id.bnportugal.gov.pt/bib/catbnp/2197821 100 ## $a20241126f1816----k y0pory01030103ba 101 0# $aspa$afre$apor 102 ## $aPT 105 ## $ay z 000yy 106 ## $ah 200 1# $a [ Ladainha da Rainha dos Anjos, cartas de santos e outros documentos religiosos pertencentes
ao Convento da Estrela$bManuscrito] 210 #1 $d[Depois de 1816] 215 ## $a[26] f. (nove doc.)$d16 cm 300 ## $aOriginal emendado e rasurado pelo autor, cfr. Esp. 32 316 ## $aCota antiga: Y-3-139 327 1# $aNove documentos: Ladainha da Rainha dos Anjos; Cópia de sete cartas de santos cujos
originais se acham no arquivo da Casa de Bragança; oração à Rainha do Céu; tradução
das inscrições latinas que se liam no mausoléu e Igreja do Santíssimo Coração de Jesus,
nas exéquias de D. Maria I; ordenações sobre as visitas aos altares; inscrições para
a primeira pedra da nova igreja do Santíssimo Coração de Jesus; decreto parisiense
da beatificação e canonização da venerável serva de Deus, Madalena de São José, propagadora
das religiosas carmelitas descalças em França; oração a Deus; poema de inspiração
religiosa 712 02 $aOrdem das Carmelitas Descalças.$bConvento do Santíssimo Coração de Jesus$c(Lisboa)$4390$31461391 712 01 $aPortugal.$bRainha,$f1777-1815 (Maria I)$4060$3284866 801 #0 $aPT$bBN$gRPC 966 ## $lBN$mRESMAN$sCOD. 7867$x7 971 ## $d2024PRRMSS
Etiqueta de registo: 00000nbm 2200025 450 001 2197812 003 http://id.bnportugal.gov.pt/bib/catbnp/2197812 100 ## $a20241126j1786----k y0pory01030103ba 101 0# $apor 102 ## $aPT 105 ## $a z 000yy 106 ## $ah 200 1# $aPetição de Recurso Dirigido ao Ex[celentissi]mo e R[everendissi]mo Collegio sede Patriarchal
Vacante para emenda da Folhinha da reza no anno de 1786 (...)$bManuscrito] 210 #1 $aLisboa,$dDepois de 1786 215 ## $a[55] f., enc.$d22 cm 300 ## $aCópia 307 ## $aEncadernação a veludo carmim 316 ## $aCota antiga: Y-3-101 317 ## $aMarca de posse: "Convento da Estella" 518 1# $aPetição de recurso dirigida ao Excelentíssimo e Reverendíssimo Colégio sede da Patriarcal
vacante para emenda da folhinha de resa no ano de 1786 (...) 700 #1 $aAguiar,$bPedro Francisco da Câmara de,$ffl.1783$cO. F. M.$31936773 712 02 $aOrdem das Carmelitas Descalças.$bConvento do Santíssimo Coração de Jesus$c(Lisboa)$4390$31461391 801 #0 $aPT$bBN$gRPC 966 ## $lBN$mRESMAN$sCOD. 7829 971 ## $d2024PRRMSS
Etiqueta de registo: 00000nbm 2200025 450 001 2197806 003 http://id.bnportugal.gov.pt/bib/catbnp/2197806 100 ## $a20241126j1783----k y0pory01030103ba 101 0# $apor 102 ## $aPT 105 ## $a z 000yy 106 ## $ah 200 1# $aExposição Evangelica, Theologica, Liturgica, e Apostolica em deffeza da devoção e
devotos do coração Santissimo de Jesus refutada a Pastoral do Ill[ustrissi]mo Bispo
de Pistoya Publicada em sua Dioceze aos 3 de Junho de 1781 (...)$bManuscrito] 210 #1 $aLisboa,$dDepois de 1783 215 ## $a[35] f., enc.$d23 cm 300 ## $aCópia 307 ## $aAcrescentos e anotações marginais 307 ## $aEncadernação a veludo carmim 316 ## $aCota antiga: Y-3-100 317 ## $aMarca de posse: "Convento da Estella" 518 1# $aExposição Evangélica, Teológica, Litúrgica e Apostólica em defesa da devoção e devotos
do coração Santíssimo de Jesus, refutada a Pastoral do ilustríssimo Bispo de Pistóia
publicada em a sua Diocese aos 3 de junho de 1781 (...) 700 #1 $aAguiar,$bPedro Francisco da Câmara de,$ffl.1783$cO. F. M.$31936773 712 02 $aOrdem das Carmelitas Descalças.$bConvento do Santíssimo Coração de Jesus$c(Lisboa)$4390$31461391 801 #0 $aPT$bBN$gRPC 966 ## $lBN$mRESMAN$sCOD. 7828 971 ## $d2024PRRMSS
Etiqueta de registo: 00000nbm 2200025 450 001 2197758 003 http://id.bnportugal.gov.pt/bib/catbnp/2197758 100 ## $a20241126f18011850k y0pory01030103ba 101 0# $apor 102 ## $aPT 105 ## $ay z 000yy 106 ## $ah 200 1# $aOração para antes do Officio Divino$bManuscrito] 210 #9 $d[1801-1850] 215 ## $a[32] f., enc.$d11 cm 300 ## $aCópias (?) 307 ## $aManchas de humidade e tinta ferrogálica; marcas da acção de insectos; f. soltos 307 ## $aEncadernação em pastas de cartão revestidas de pele castanha com decorações em fio
de ouro; lombada com decorações em fio de ouro com motivos florais 316 ## $aCota antiga: Y-3-138 317 ## $aMarca de posse: "Convento da Estrella" 518 1# $aOração para antes do ofício divino 712 02 $aOrdem das Carmelitas Descalças.$bConvento do Santíssimo Coração de Jesus$c(Lisboa)$4060$31461391 801 #0 $aPT$bBN$gRPC 966 ## $lBN$mRESMAN$sCOD. 7866 971 ## $d2024PRRMSS
Etiqueta de registo: 00000nbm 2200025 450 001 2197754 003 http://id.bnportugal.gov.pt/bib/catbnp/2197754 100 ## $a20241126f18511900k y0pory01030103ba 101 0# $apor 102 ## $aPT 105 ## $ay z 000yy 106 ## $ah 200 1# $a [ Conjunto de orações incluíndo oração de preparação para a morte ou de comunhão
espiritual]$bManuscrito] 210 #9 $d[1851-1900] 215 ## $a[15] f., enc.$d19 cm 300 ## $aCópias (?) 307 ## $aManchas de humidade e tinta ferrogálica; marcas da acção de insectos; f. soltos 307 ## $aEncadernação em papel ilustrado e colorido 316 ## $aCota antiga: Y-3-137 317 ## $aMarca de posse: "Convento da Estrella" 712 02 $aOrdem das Carmelitas Descalças.$bConvento do Santíssimo Coração de Jesus$c(Lisboa)$4060$31461391 801 #0 $aPT$bBN$gRPC 966 ## $lBN$mRESMAN$sCOD. 7865 971 ## $d2024PRRMSS
Etiqueta de registo: 00000nbm 2200025 450 001 2197749 003 http://id.bnportugal.gov.pt/bib/catbnp/2197749 100 ## $a20241126f18011850k y0pory01030103ba 101 0# $apor 102 ## $aPT 105 ## $ay z 000yy 106 ## $ah 200 1# $a [ Conjunto de orações e apelos indivíduais (?) ao divino]$bManuscrito] 210 #9 $d[1801-1850] 215 ## $a[12] f., enc.$d11 cm 300 ## $aCópias (?) 307 ## $aManchas de humidade e tinta ferrogálica; f. soltos 307 ## $aEncadernação em papel azul 316 ## $aCota antiga: Y-3-136 317 ## $aMarca de posse: "Conv[en]to da Estrella" 712 02 $aOrdem das Carmelitas Descalças.$bConvento do Santíssimo Coração de Jesus$c(Lisboa)$4060$31461391 801 #0 $aPT$bBN$gRPC 966 ## $lBN$mRESMAN$sCOD. 7864 971 ## $d2024PRRMSS
Etiqueta de registo: 00000nbm 2200025 450 001 2197746 003 http://id.bnportugal.gov.pt/bib/catbnp/2197746 100 ## $a20241126f18511900k y0pory01030103ba 101 0# $alat$apor 102 ## $aPT 105 ## $ay z 000yy 106 ## $ah 200 1# $a [ Conjunto de orações e listagem de santos de devoção]$bManuscrito] 210 #9 $d[1851-1900] 215 ## $a[9] f., enc.$d10 cm 300 ## $aCópias (?) 307 ## $aCom fragmentos de um impresso sobre "Litanies" (aparado) no começo do códice 307 ## $aManchas de humidade e tinta ferrogálica 307 ## $aEncadernação em papel azul marmoreado 316 ## $aCota antiga: Y-3-135 317 ## $aMarca de posse: "Conv[en]to da Estrella" 712 02 $aOrdem das Carmelitas Descalças.$bConvento do Santíssimo Coração de Jesus$c(Lisboa)$4060$31461391 801 #0 $aPT$bBN$gRPC 966 ## $lBN$mRESMAN$sCOD. 7863 971 ## $d2024PRRMSS
Etiqueta de registo: 00000nbm 2200025 450 001 2197743 003 http://id.bnportugal.gov.pt/bib/catbnp/2197743 100 ## $a20241126f17511800k y0pory01030103ba 101 0# $apor 102 ## $aPT 105 ## $ay z 000yy 106 ## $ah 200 1# $a [ Instruções litúrgicas, compreendendo o acto de adoração, entre outros]$bManuscrito] 210 #9 $d[1751-1800] 215 ## $a[31] f., enc.$d14 cm 300 ## $aCópias (?) 307 ## $aManchas de humidade e tinta ferrogálica 307 ## $aEncadernação em papel marmoreado 316 ## $aCota antiga: Y-3-134 317 ## $aMarca de posse: "Conv[en]to da Estrella" 712 02 $aOrdem das Carmelitas Descalças.$bConvento do Santíssimo Coração de Jesus$c(Lisboa)$4060$31461391 801 #0 $aPT$bBN$gRPC 966 ## $lBN$mRESMAN$sCOD. 7862 971 ## $d2024PRRMSS
Etiqueta de registo: 00000nbm 2200025 450 001 2197738 003 http://id.bnportugal.gov.pt/bib/catbnp/2197738 100 ## $a20241126f18011840k y0pory01030103ba 101 0# $apor 102 ## $aPT 105 ## $ay z 000yy 106 ## $ah 200 1# $aCedula de escravidão perpetua que fazem os confrades do Rosario a Maria Santissima$bManuscrito] 210 #9 $d[1801-1840] 215 ## $a[7] f., enc.$d13 cm 300 ## $aCópias (?) 307 ## $aEncadernação em papel com motivos florais 316 ## $aCota antiga: Y-3-133 317 ## $aMarca de posse: "Conv[en]to da Estrella" 518 1# $aCédula de escravidão perpétua, que fazem os confrades... 712 02 $aOrdem das Carmelitas Descalças.$bConvento do Santíssimo Coração de Jesus$c(Lisboa)$4060$31461391 801 #0 $aPT$bBN$gRPC 966 ## $lBN$mRESMAN$sCOD. 7861 971 ## $d2024PRRMSS
Etiqueta de registo: 00000nbm 2200025 450 001 2197731 003 http://id.bnportugal.gov.pt/bib/catbnp/2197731 100 ## $a20241126f18011850k y0pory01030103ba 101 0# $apor 102 ## $aPT 105 ## $ay z 000yy 106 ## $ah 200 1# $a [ Compêndio de orações, incluindo acto de contrição]$bManuscrito] 210 #9 $d[1801-1850] 215 ## $a[18] p., enc.$d13 cm 300 ## $aCópias (?) 307 ## $aManchas de humidade e de tinta ferrogálica 307 ## $aEncadernação em papel florido 316 ## $aCota antiga: Y-3-132 317 ## $aMarca de posse: "Convento da Estrella" 317 ## $aMarca de posse: "Para uzo da Minha Q[ueri]da Ir[m]a Thereza Joaquina" 712 02 $aOrdem das Carmelitas Descalças.$bConvento do Santíssimo Coração de Jesus$c(Lisboa)$4060$31461391 801 #0 $aPT$bBN$gRPC 966 ## $lBN$mRESMAN$sCOD. 7860 971 ## $d2024PRRMSS
Etiqueta de registo: 00000nbm 2200025 450 001 2197727 003 http://id.bnportugal.gov.pt/bib/catbnp/2197727 100 ## $a20241126f18011850k y0pory01030103ba 101 0# $apor 102 ## $aPT 105 ## $ay z 000yy 106 ## $ah 200 1# $a [ Ladainha a Nossa Senhora contra a peste e as tempestades]$bManuscrito] 210 #1 $d[1801-1850] 215 ## $a[16] f., enc.$d12 cm 300 ## $aCópia (?) 307 ## $aManchas de humidade e de tinta ferrogálica; marcas da acção de insectos; 307 ## $aEncadernação em papel florido 316 ## $aCota antiga: Y-3-131 317 ## $aMarca de posse: "Conv[en]to da Estrella" 712 02 $aOrdem das Carmelitas Descalças.$bConvento do Santíssimo Coração de Jesus$c(Lisboa)$4060$31461391 801 #0 $aPT$bBN$gRPC 966 ## $lBN$mRESMAN$sCOD. 7859 971 ## $d2024PRRMSS 995 ## $aPRR2024
Etiqueta de registo: 00000nbm 2200025 450 001 2197721 003 http://id.bnportugal.gov.pt/bib/catbnp/2197721 100 ## $a20241126f18011850k y0pory01030103ba 101 0# $apor 102 ## $aPT 105 ## $ay z 000yy 106 ## $ah 200 1# $a [ Ladainha a Nossa Senhora contra a peste e as tempestades]$bManuscrito] 210 #1 $d[1801-1850] 215 ## $a[13] f., enc.$d12 cm 300 ## $aCópias (?) 307 ## $aManchas de humidade e de tinta ferrogálica 307 ## $aEncadernação em papel azul 316 ## $aCota antiga: Y-3-130 317 ## $aMarca de posse: "Conv[en]to da Estrella" 712 02 $aOrdem das Carmelitas Descalças.$bConvento do Santíssimo Coração de Jesus$c(Lisboa)$4060$31461391 801 #0 $aPT$bBN$gRPC 966 ## $lBN$mRESMAN$sCOD. 7858 971 ## $d2024PRRMSS 972 ## $e1$z0$d20260519$vanacris 995 ## $aPRR2024
Etiqueta de registo: 00000nbm 2200025 450 001 2197714 003 http://id.bnportugal.gov.pt/bib/catbnp/2197714 100 ## $a20241126f18511900k y0pory01030103ba 101 0# $apor 102 ## $aPT 105 ## $ay z 000yy 106 ## $ah 200 1# $a [ Orações para celebrações litúrgicas]$bManuscrito] 210 #1 $d[1851-1900] 215 ## $a[14] f., enc.$d14 cm 300 ## $aCópias (?) 307 ## $aManchas de humidade e de tinta ferrogálica 307 ## $aEncadernação em papel com motivos florais 316 ## $aCota antiga: Y-3-129 317 ## $aMarca de posse: "Conv[en]to da Estrella" 712 02 $aOrdem das Carmelitas Descalças.$bConvento do Santíssimo Coração de Jesus$c(Lisboa)$4060$31461391 801 #0 $aPT$bBN$gRPC 966 ## $lBN$mRESMAN$sCOD. 7857 971 ## $d2024PRRMSS 995 ## $aPRR2024
Etiqueta de registo: 00000nbm 2200025 450 001 2197712 003 http://id.bnportugal.gov.pt/bib/catbnp/2197712 100 ## $a20241126f18011850k y0pory01030103ba 101 0# $apor 102 ## $aPT 105 ## $ay z 000yy 106 ## $ah 200 1# $a [ Orações a vários santos, nomeadamente a São João Baptista e a São Joaquim]$bManuscrito] 210 #1 $d[1801-1850] 215 ## $a[10] f., enc.$d14 cm 300 ## $aCópias (?) 307 ## $aManchas de humidade e de tinta ferrogálica; marcas da acção de insectos 307 ## $aEncadernação em papel amarelo 316 ## $aCota antiga: Y-3-128 317 ## $aMarca de posse: "Conv[en]to da Estrella" 712 02 $aOrdem das Carmelitas Descalças.$bConvento do Santíssimo Coração de Jesus$c(Lisboa)$4060$31461391 801 #0 $aPT$bBN$gRPC 966 ## $lBN$mRESMAN$sCOD. 7856 971 ## $d2024PRRMSS 972 ## $e1$z0$d20260519$vanacris 995 ## $aPRR2024
Etiqueta de registo: 00000nbm 2200025 450 001 2197709 003 http://id.bnportugal.gov.pt/bib/catbnp/2197709 100 ## $a20241126f18511900k y0pory01030103ba 101 0# $apor 102 ## $aPT 105 ## $ay z 000yy 106 ## $ah 200 1# $a [ Compêndio de orações]$bManuscrito] 210 #1 $d[1851-1900] 215 ## $a[104] f., enc.$d14 cm 300 ## $aCópias (?) 307 ## $aTexto escrito por várias mãos 307 ## $aManchas de humidade e de tinta ferrogálica; marcas da acção de insectos; f. soltas 307 ## $aEncadernação em pastas de cartão revestidas de couro castanho; lombada com decorações
vegetalistas em fio de ouro 316 ## $aCota antiga: Y-3-127 317 ## $aMarca de posse: "Conv[en]to da Estrella" 712 02 $aOrdem das Carmelitas Descalças.$bConvento do Santíssimo Coração de Jesus$c(Lisboa)$4060$31461391 801 #0 $aPT$bBN$gRPC 966 ## $lBN$mRESMAN$sCOD. 7855 971 ## $d2024PRRMSS 972 ## $e1$z0$d20260519$vanacris 995 ## $aPRR2024
Etiqueta de registo: 00000nbm 2200025 450 001 2197690 003 http://id.bnportugal.gov.pt/bib/catbnp/2197690 100 ## $a20241126f17511790k y0pory01030103ba 101 0# $apor 102 ## $aPT 105 ## $ay z 000yy 106 ## $ah 200 1# $aDia Santificado ao Sagrado Coração de Jesus para todos os mezes...$bManuscrito] 210 #1 $d[1751-1790] 215 ## $a69 p., [9] f., enc.$d14 cm 300 ## $aCópias (?) 307 ## $aTexto enquadrado por moldura feita a pena; contém gravura do Sagrado Coração de Jesus,
antes do começo do texto 307 ## $aManchas de humidade e de tinta ferrogálica; marcas da acção de insectos 307 ## $aEncadernação em pastas de cartão revestidas de couro vermelho com decorações a fio
de ouro; lombada com decorações a fio de ouro 316 ## $aCota antiga: Y-3-126 317 ## $aNota de oferta: "Á Ex[celentíssi]ma, e Relegiosissima S[e]n[ho]ra D. Thereza de Mello
Dignissima Prioreza do seu R[ea]l Mosteiro do S[antís]s[i]mo Coração de Jesus no sitio
da Estrella de Lisboa" (junto ao título) 317 ## $aMarca de posse: "Conv[en]to da Estrella" 518 1# $aDia santíficado ao Sagrado Coração de Jesus... 712 02 $aOrdem das Carmelitas Descalças.$bConvento do Santíssimo Coração de Jesus$c(Lisboa)$4060$31461391 801 #0 $aPT$bBN$gRPC 966 ## $lBN$mRESMAN$sCOD. 7854 971 ## $d2024PRRMSS 972 ## $e1$z0$d20260519$vanacris 995 ## $aPRR2024
Etiqueta de registo: 00000nbm 2200025 450 001 2197685 003 http://id.bnportugal.gov.pt/bib/catbnp/2197685 100 ## $a20241126f18011840k y0pory01030103ba 101 0# $apor 102 ## $aPT 105 ## $ay z 000yy 106 ## $ah 200 1# $a [ Oração para ofício litúrgico]$bManuscrito] 210 #1 $d[1801-1840] 215 ## $a16, [4 br.] p., enc.$d15 cm 300 ## $aCópias (?) 307 ## $aManchas de humidade e de tinta ferrogálica; marcas da acção de insectos 307 ## $aEncadernação em papel pintado de tons castanhos 316 ## $aCota antiga: Y-3-125 317 ## $aMarca de posse: "Conv[en]to da Estrella" 712 02 $aOrdem das Carmelitas Descalças.$bConvento do Santíssimo Coração de Jesus$c(Lisboa)$4060$31461391 801 #0 $aPT$bBN$gRPC 966 ## $lBN$mRESMAN$sCOD. 7853 971 ## $d2024PRRMSS 995 ## $aPRR2024
Etiqueta de registo: 00000nbm 2200025 450 001 2197684 003 http://id.bnportugal.gov.pt/bib/catbnp/2197684 100 ## $a20241126f18011840k y0pory01030103ba 101 0# $apor 102 ## $aPT 105 ## $ay z 000yy 106 ## $ah 200 1# $aCedula de escravidão perpetua, que fazem os confrades do Rosario a Maria Santissima$bManuscrito] 210 #1 $d[1801-1840] 215 ## $a[8] f., enc.$d15 cm 300 ## $aCópias (?) 307 ## $aMarcas de humidade; f. inicial com rasgão 307 ## $aEncadernação em papel colorido 316 ## $aCota antiga: Y-3-124 317 ## $aMarca de posse: "Convento da Estrella" 518 1# $aCédula de escravidão perpétua, que fazem os confrades do Rosário... 712 02 $aOrdem das Carmelitas Descalças.$bConvento do Santíssimo Coração de Jesus$c(Lisboa)$4060$31461391 801 #0 $aPT$bBN$gRPC 966 ## $lBN$mRESMAN$sCOD. 7852 971 ## $d2024PRRMSS 995 ## $aPRR2024
Etiqueta de registo: 00000nbm 2200025 450 001 2197681 003 http://id.bnportugal.gov.pt/bib/catbnp/2197681 100 ## $a20241126f17511800k y0pory01030103ba 101 0# $apor 102 ## $aPT 105 ## $ay z 000yy 106 ## $ah 200 1# $aTriduo Eucharistico Marianno retiro espiritual de almas religiozas para fazer com
mais fructo a oração das quarenta horas debaixo da protecção do Patriarcha S. Joseph...$bManuscrito] 210 #1 $d[1751-1800] 215 ## $a[44] f., enc.$d15 cm 300 ## $aCópias (?) 307 ## $aEncadernação em pastas de cartão revestidas a couro castanho e com decorações em fio
de ouro com motivos vegetalistas; lombada com decorações florais a fio de ouro 316 ## $aCota antiga: Y-3-123 317 ## $aMarca de posse: "Conv[ento] da Estrella" 518 1# $aTríduo eucaristico mariano. Retiro espiritual das almas religiosas... 712 02 $aOrdem das Carmelitas Descalças.$bConvento do Santíssimo Coração de Jesus$c(Lisboa)$4060$31461391 801 #0 $aPT$bBN$gRPC 966 ## $lBN$mRESMAN$sCOD. 7851 971 ## $d2024PRRMSS 995 ## $aPRR2024
Etiqueta de registo: 00000nbm 2200025 450 001 2197679 003 http://id.bnportugal.gov.pt/bib/catbnp/2197679 100 ## $a20241126f17511800k y0pory01030103ba 101 0# $apor 102 ## $aPT 105 ## $ay z 000yy 106 ## $ah 200 1# $aExercicio do S[anti]s[si]mo C[oração] de Jezus$bManuscrito] 210 #1 $d[1751-1800] 215 ## $a[44] f., enc.$d14 cm 300 ## $aCópias (?) 307 ## $aTexto escrito a várias mãos 307 ## $aManchas de humidade 307 ## $aEncadernação em papel amarelo 316 ## $aCota antiga: Y-3-121 317 ## $aMarca de posse: "Convento da Estrella" 518 1# $aExercício do Santíssimo Coração de Jesus 712 02 $aOrdem das Carmelitas Descalças.$bConvento do Santíssimo Coração de Jesus$c(Lisboa)$4060$31461391 801 #0 $aPT$bBN$gRPC 966 ## $lBN$mRESMAN$sCOD. 7849 971 ## $d2024PRRMSS 995 ## $aPRR2024
Etiqueta de registo: 00000nbm 2200025 450 001 2197676 003 http://id.bnportugal.gov.pt/bib/catbnp/2197676 100 ## $a20241126f17511800k y0pory01030103ba 101 0# $apor 102 ## $aPT 105 ## $ay z 000yy 106 ## $ah 200 1# $aDevoção a Maria S[anti]s[sima] Senhora e Mai Nossa Composta com Psalmos iniciados
pelas Lettras de seu Santissimo Nome Maria...$bManuscrito] 210 #1 $d[1751-1800] 215 ## $a[28] f., enc.$d15 cm 300 ## $aCópias 307 ## $aTítulo a vermelho e preto 307 ## $aParte do texto enquadrado por moldura dupla de tinta vermelha e preta 307 ## $aManchas de humidade e da tinta ferrogálica 307 ## $aEncadernação em pastas de cartão revestidas de papel marmoreado 316 ## $aCota antiga: Y-3-120 317 ## $aMarca de posse: "Convento da Estrella" 518 1# $aDevoção a Maria Santíssima Senhora e Mãe Nossa 712 02 $aOrdem das Carmelitas Descalças.$bConvento do Santíssimo Coração de Jesus$c(Lisboa)$4060$31461391 801 #0 $aPT$bBN$gRPC 966 ## $lBN$mRESMAN$sCOD. 7848 971 ## $d2024PRRMSS 995 ## $aPRR2024
Etiqueta de registo: 00000nbm 2200025 450 001 2197675 003 http://id.bnportugal.gov.pt/bib/catbnp/2197675 100 ## $a20241126d18461850k y0pory01030103ba 101 0# $alat$apor 102 ## $aPT 105 ## $ay z 000yy 106 ## $ah 200 1# $aAspirations affectueuses envers Jesus Christ$bManuscrito] 210 #1 $d1846-1850 215 ## $a[53] p., enc.$d15 cm 300 ## $aCópias 307 ## $aManchas de humidade e da tinta ferrogálica 307 ## $aEncadernação em pastas de cartão revestidas de couro vermelho, com moldura em fios
de ouro; lombada com decoração em fios de ouro 316 ## $aCota antiga: Y-3-119 317 ## $aMarca de posse: "Convento da Estrella" 317 ## $aMarca de posse do texto francês: Dado pela m[inh]a querida Am[ig]a Emilia Coarlina
Téfiér. E por ella copiado. 11 de Junho 1850, Maria Amalia da Encarnação X[avi]er" 317 ## $aMarca de posse da oração das vésperas: "Dado pela m[inh]a Ex[celentíssi]ma Madrinha,
M. A. E. X., 1846" 327 11 $aJunto uma "Officio de Vesporas ao S[anti]s[simo] Immaculado Coração de Maria" (p.
46-53) 518 1# $aSantos costumes do Santo Noviciado 518 1# $aOfício de vésperas ao Santíssimo Imaculado Coração de Maria 712 02 $aOrdem das Carmelitas Descalças.$bConvento do Santíssimo Coração de Jesus$c(Lisboa)$4060$31461391 801 #0 $aPT$bBN$gRPC 966 ## $lBN$mRESMAN$sCOD. 7847 971 ## $d2024PRRMSS 995 ## $aPRR2024
Etiqueta de registo: 00000nbm 2200025 450 001 2197672 003 http://id.bnportugal.gov.pt/bib/catbnp/2197672 100 ## $a20241126d1715 k y0pory01030103ba 101 0# $apor 102 ## $aPT 105 ## $ay z 000yy 106 ## $ah 200 1# $aSanctos costumes do S[an]to Novic[ia]do$bManuscrito] 210 #1 $d1715 215 ## $a20 p., enc.$d15 cm 300 ## $aCópia (?) 307 ## $aPartes do texto sublinhadas; f. iniciais e finais com moldura dupla 307 ## $aManchas de humidade e da tinta ferrogálica 307 ## $aEncadernação em pergaminho com vestígio dos atilhos 316 ## $aCota antiga: Y-3-122 317 ## $aMarca de posse: "Convento da Estrella" 518 1# $aSantos costumes do Santo Noviciado 712 02 $aOrdem das Carmelitas Descalças.$bConvento do Santíssimo Coração de Jesus$c(Lisboa)$4060$31461391 801 #0 $aPT$bBN$gRPC 966 ## $lBN$mRESMAN$sCOD. 7850 971 ## $d2024PRRMSS 995 ## $aPRR2024
Etiqueta de registo: 00000nbm 2200025 450 001 2197669 003 http://id.bnportugal.gov.pt/bib/catbnp/2197669 100 ## $a20241126f18011850k y0pory01030103ba 101 0# $apor 102 ## $aPT 105 ## $ay z 000yy 106 ## $ah 200 1# $aOfficio de Nossa May e Santiss[im]a Senhora do Monte do Carmo$bManuscrito] 210 #1 $d[1801-1850] 215 ## $a9, [7 br.] p., enc.$d21 cm 300 ## $aCópia (?) 307 ## $aManchas de humidade e da tinta ferrogálica 307 ## $aEncadernação em papel colorido 316 ## $aCota antiga: Y-3-117 317 ## $aMarca de posse: "Convento da Estrella" 518 1# $aOfício de Nossa Mãe e Santíssima Senhora do Monte do Carmo 712 02 $aOrdem das Carmelitas Descalças.$bConvento do Santíssimo Coração de Jesus$c(Lisboa)$4060$31461391 801 #0 $aPT$bBN$gRPC 966 ## $lBN$mRESMAN$sCOD. 7845 971 ## $d2024PRRMSS 995 ## $aPRR2024
|
|
|